000 00758nam a2200253Ia 4500
003 OSt
005 20220927105743.0
006 a|||||r|||| 00| 0
007 ta
008 220926b |||||||| |||| 00| 0 eng d
020 _a9789211170870
024 _a203215
037 _cReference Collections
040 _aRTL
_cRTL
_beng
041 _2eng
_aeng
082 _a"X9(E):(B28).1.P, Q5/UN"
100 _aUNITED NATIONS
245 0 _aGlobally harmonized system of classification and labelling of chemicals (GHS)
250 _a6th
260 _aNew
_b"York, United Nations, "
_c2015
300 _a521p
_ccm.
942 _h"X9(E):(B28).1.P, Q5/UN"
_cCC
999 _c694423
_d694423